000 00683nam a22001337a 4500
040 _cRUA
082 _aATM MAK 2011 B198 Or.1
100 _aMAK, SOVANCHANVUTRA
245 _aStudy on effetiveness of electricity use in saang district, kandal province, សិក្សាពីប្រសិទ្ទិភាពនៃការប្រើប្រាស់ថាមពលអគ្គិសនីរបស់ប្រជាជននៅស្រុកស្អាង ខេត្តកណ្តាល
260 _aPhnom Penh
_bRUA
_c2011
300 _ax, 52p.
_bill.
_c29cm.
856 _uhttps://drive.google.com/file/d/1YLMNmhoHGpQA-Ii6M5aDVSUMu9_EHMs9/view?usp=sharing
942 _cATM
999 _c4290
_d4290